Actas del I Congreso Internacional de Filología Hispánica (Record no. 172822)

MARC details
000 -LEADER
campo de control de longitud fija 00854nam a22002055i 4500
001 - NÚMERO DE CONTROL
campo de control 172822
003 - IDENTIFICADOR DE NÚMERO DE CONTROL
campo de control ES-MaACL
005 - FECHA Y HORA DE LA ÚLTIMA TRANSACCIÓN
campo de control 20230906215038.0
008 - DATOS DE LONGITUD FIJA--INFORMACIÓN GENERAL
campo de control de longitud fija 090910s2008 sp |||| | spa d
020 ## - NÚMERO INTERNACIONAL ESTÁNDAR DEL LIBRO
Número Internacional Estándar del Libro 978-84-8317-712-9
080 ## - NÚMERO DE LA CLASIFICACIÓN DECIMAL UNIVERSAL
Número de la Clasificación Decimal Universal 811.134.2(063)
080 ## - NÚMERO DE LA CLASIFICACIÓN DECIMAL UNIVERSAL
Número de la Clasificación Decimal Universal 821.134.2.09(063)
111 2# - ENTRADA PRINCIPAL--NOMBRE DE CONGRESO/REUNIÓN
Nombre de congreso/reunión o jurisdicción como elemento de entrada Congreso Internacional de Filología Hispánica (
Número del congreso/reunión o número de parte o sección 1º (.
Fecha del congreso o de la firma del tratado 2006.
Sede del congreso/Lugar de la reunión Oviedo)
9 (RLIN) 141257
245 10 - MENCIÓN DEL TÍTULO
Título Actas del I Congreso Internacional de Filología Hispánica
Resto del título : jóvenes investigadores /
Mención de responsabilidad, etc. edición de José Antonio Calzón García... [et al.].
260 ## - PUBLICACIÓN, DISTRIBUCIÓN, ETC.
Lugar de publicación, distribución, etc. Oviedo :
Nombre del editor, distribuidor, etc. Servicio de Publicaciones de la Universidad de Oviedo,
Fecha de publicación, distribución, etc. 2008.
300 ## - DESCRIPCIÓN FÍSICA
Extensión 769 p. :
Otras características físicas gráf. ;
Dimensiones 25 cm.
650 14 - PUNTO DE ACCESO ADICIONAL DE MATERIA--TÉRMINO DE MATERIA
Término de materia o nombre geográfico como elemento de entrada Filología española-
Subdivisión de forma Congresos y asambleas.
9 (RLIN) 12797
700 1# - ENTRADA AGREGADA--NOMBRE PERSONAL
Nombre de persona Calzón García, José Antonio.
9 (RLIN) 141258
852 ## - LOCALIZACIÓN
Ubicación ES-MaACL
Número de control de estantería L-867
Encuadernación N-2952
Signatura antigua
itemnumber R.143865
Holdings
Estatus retirado Estado de pérdida Estado de daño No para préstamo Biblioteca de origen Biblioteca actual Ubicación en estantería Fecha de adquisición Fuente de adquisición Total de préstamos Signatura topográfica completa Código de barras Visto por última vez Precio de reemplazo Tipo de ítem Koha
        Biblioteca del Ateneo de Madrid Biblioteca del Ateneo de Madrid Depósito 2 10/09/2009     L-867 1181350 23/02/2023 23/02/2023 Libro impreso